000 00560nam a2200157Ia 4500
008 210716s2002 xx 000 0 und d
020 _a0072440783
041 _aeng
082 _a658.4038 OBRJ
100 _aObrein, James A.
245 _aManagement information systems: managing information technology in the e business enterprise.
_bManaging information technology in the e business enterprise.
250 _a6
260 _aNew Delhi
_bTata McGraw Hill Publishing Company Ltd
_c2002
300 _axxvii,530,A32G19,2004
650 _aManagement Accounting
999 _c200443
_d200443